The origin and evolution of planetary atmospheres (Record no. 7898)

MARC details
000 -LEADER
fixed length control field 00629nam a2200193Ia 4500
003 - CONTROL NUMBER IDENTIFIER
control field IN-BaIIA
008 - FIXED-LENGTH DATA ELEMENTS--GENERAL INFORMATION
fixed length control field 211028s9999 xx 000 0 eng d
020 ## - INTERNATIONAL STANDARD BOOK NUMBER
International Standard Book Number 0-85274-385-8
040 ## - CATALOGING SOURCE
Transcribing agency IIA Library
080 ## - UNIVERSAL DECIMAL CLASSIFICATION NUMBER
Universal Decimal Classification number 523.4-852
Item number HEN
100 ## - MAIN ENTRY--PERSONAL NAME
Personal name Henderson-Sellers, .A
9 (RLIN) 13321
245 #4 - TITLE STATEMENT
Title The origin and evolution of planetary atmospheres
Statement of responsibility, etc. A. Henderson-Sellers
260 ## - PUBLICATION, DISTRIBUTION, ETC.
Place of publication, distribution, etc. Bristol
Name of publisher, distributor, etc. Adam Hilger
Date of publication, distribution, etc. 1983
300 ## - PHYSICAL DESCRIPTION
Extent xv, 240p.
490 ## - SERIES STATEMENT
Series statement Monographs on astronomical subjects; 9
650 ## - SUBJECT ADDED ENTRY--TOPICAL TERM
Topical term or geographic name entry element Astronomy and astrophysics thesaurus
650 ## - SUBJECT ADDED ENTRY--TOPICAL TERM
Topical term or geographic name entry element Planetary atmospheres
9 (RLIN) 5728
942 ## - ADDED ENTRY ELEMENTS (KOHA)
Koha item type Books
Holdings
Withdrawn status Lost status Damaged status Not for loan Home library Current library Shelving location Date acquired Cost, normal purchase price Total Checkouts Full call number Barcode Date last seen Cost, replacement price Price effective from Koha item type Purchase Price
        IIA Library-Bangalore IIA Library-Bangalore General Stacks 05/07/1984 286.07   523.4-852/ HEN 8721 05/11/2021 286.07 05/07/1984 Books Rs. 286.07

Powered by Koha